<?xml version="1.0" encoding="UTF-8"?>
<record
    xmlns:xsi="http://www.w3.org/2001/XMLSchema-instance"
    xsi:schemaLocation="http://www.loc.gov/MARC21/slim http://www.loc.gov/standards/marcxml/schema/MARC21slim.xsd"
    xmlns="http://www.loc.gov/MARC21/slim">

  <leader>02983nam a2200289uu 4500</leader>
  <controlfield tag="001">1140869</controlfield>
  <controlfield tag="005">20260507113936.0</controlfield>
  <controlfield tag="007">co|||||||</controlfield>
  <controlfield tag="008">090506s2008                        spa  </controlfield>
  <datafield tag="035" ind1=" " ind2=" ">
    <subfield code="a">1140869</subfield>
  </datafield>
  <datafield tag="040" ind1=" " ind2=" ">
    <subfield code="c">comduadb</subfield>
  </datafield>
  <datafield tag="041" ind1=" " ind2=" ">
    <subfield code="a">spa</subfield>
  </datafield>
  <datafield tag="080" ind1=" " ind2=" ">
    <subfield code="a">WX</subfield>
  </datafield>
  <datafield tag="100" ind1="1" ind2="0">
    <subfield code="a">Celedon Navarro, Armando Celedon</subfield>
    <subfield code="4">aut</subfield>
    <subfield code="e">aut</subfield>
    <subfield code="9">557895</subfield>
  </datafield>
  <datafield tag="245" ind1="1" ind2="0">
    <subfield code="a">Calidad de las historias clinicas en los servicios de hospitalizacion de la ESE Hospital Mental de Antioquia durante el periodo enero a junio de 2008</subfield>
  </datafield>
  <datafield tag="260" ind1=" " ind2=" ">
    <subfield code="a">Medell&#xED;n,</subfield>
    <subfield code="c">2008.</subfield>
  </datafield>
  <datafield tag="300" ind1=" " ind2=" ">
    <subfield code="a">1 CD-ROM</subfield>
  </datafield>
  <datafield tag="520" ind1="3" ind2=" ">
    <subfield code="a">Este estudio se realiz&#xF3; con el fin de caracterizar la calidad de las historias cl&#xED;nicas teniendo en cuenta el cumplimiento de registros y formatos de la E.S.E Hospital Mental de Antioquia y la normatividad vigente en Colombia, durante el periodo comprendido entre el 1&#xB0; de enero y 30 de junio de 2008. Los datos arrojados ayudar&#xE1;n a crear indicadores de calidad de la historia cl&#xED;nica para su adecuado diligenciamiento y documentaci&#xF3;n. La muestra se tom&#xF3; de manera retrospectiva del listado de todos los pacientes que egresaron en los servicios de Hospitalizaci&#xF3;n de la E.S.E. Hospital Mental de Antioquia (HOMO) durante ese periodo, resultado un total de 1911 egresos (poblaci&#xF3;n universal). De este universo, se selecciono 129 historias cl&#xED;nicas de manera aleatoria, teniendo en cuenta el porcentaje para cada servicio y dependiendo del n&#xFA;mero de egresos de &#xE9;stos. Los grupos analizados fueron: servicio de adolescentes, 37 historias cl&#xED;nicas (28% de los egresos); mujeres, 31 historias cl&#xED;nicas (24% de egresos); hombres, 34 historias (27% egresos) y pensionados, 27 historias (21% de egresos). Los intervalos de selecci&#xF3;n se realizaron por cada quinceavo dato, a partir del primer elemento elegido hasta completar la muestra de 129 historias cl&#xED;nicas. Para este estudio tuvimos en cuenta 20 variables basadas en la Resoluci&#xF3;n 1995 de 1999 y los instructivos de historia cl&#xED;nica utilizados en el HOMO. Analizadas estas variables, los resultados arrojaron que el 90% del total de las historias cl&#xED;nicas de los servicios de hospitalizaci&#xF3;n de la ESE Hospital Mental de Antioquia cumpl&#xED;an con el adecuado diligenciamiento de estas. En cuanto a las variables analizadas el 55% de las 129 historias cl&#xED;nicas dejaban espacios en blancos. El formato de consentimiento informado no cumpli&#xF3; con las caracter&#xED;sticas en el 100% de las historias. El ingreso por medico general se cumpli&#xF3; en el 86% de las historias analizadas, y la revisi&#xF3;n por sistemas, aspecto fundamental de todo examen cl&#xED;nico, s&#xF3;lo se registr&#xF3; en un 90% de las historias cl&#xED;nicas</subfield>
  </datafield>
  <datafield tag="650" ind1=" " ind2=" ">
    <subfield code="a">Hospital Mental de Antioquia</subfield>
    <subfield code="9">35994</subfield>
  </datafield>
  <datafield tag="650" ind1=" " ind2=" ">
    <subfield code="a">Hospitalizaci&#xF3;n</subfield>
    <subfield code="9">18699</subfield>
  </datafield>
  <datafield tag="650" ind1=" " ind2="7">
    <subfield code="a">Registros m&#xE9;dicos</subfield>
    <subfield code="2">dcs</subfield>
    <subfield code="9">227257</subfield>
  </datafield>
  <datafield tag="700" ind1="1" ind2="0">
    <subfield code="a">Pretelt Villadiego, Francia Elena</subfield>
    <subfield code="4">aut</subfield>
    <subfield code="e">aut</subfield>
    <subfield code="9">583915</subfield>
  </datafield>
  <datafield tag="700" ind1="1" ind2="0">
    <subfield code="a">&#xC1;lvarez Garc&#xED;a, Ricardo</subfield>
    <subfield code="4">ths</subfield>
    <subfield code="e">ths</subfield>
    <subfield code="9">494428</subfield>
  </datafield>
  <datafield tag="942" ind1=" " ind2=" ">
    <subfield code="c">TESIS</subfield>
  </datafield>
  <datafield tag="999" ind1=" " ind2=" ">
    <subfield code="c">502623</subfield>
    <subfield code="d">502623</subfield>
  </datafield>
  <datafield tag="502" ind1=" " ind2=" ">
    <subfield code="b">283</subfield>
    <subfield code="c">20</subfield>
  </datafield>
  <datafield tag="526" ind1=" " ind2=" ">
    <subfield code="a">285</subfield>
  </datafield>
  <datafield tag="952" ind1=" " ind2=" ">
    <subfield code="0">0</subfield>
    <subfield code="1">0</subfield>
    <subfield code="4">0</subfield>
    <subfield code="7">0</subfield>
    <subfield code="8">SEMIACTIV2</subfield>
    <subfield code="a">BSP</subfield>
    <subfield code="b">BSP</subfield>
    <subfield code="d">2009-05-06</subfield>
    <subfield code="e">Material adquirido por donaci&#xF3;n</subfield>
    <subfield code="i">C1045266</subfield>
    <subfield code="l">0</subfield>
    <subfield code="o">WX173 C4-08 CD-ROM</subfield>
    <subfield code="p">0683351</subfield>
    <subfield code="r">2023-04-29 00:00:00</subfield>
    <subfield code="t">1</subfield>
    <subfield code="w">2023-04-29</subfield>
    <subfield code="y">DIGITAL</subfield>
  </datafield>
</record>
